000 00392cam a2200157ua 4500
041 _aeng
_h
082 _a510
_bSTR/CO
100 _aStruik, Dirk J .
245 _aConcise history of mathematics /
_cDirk J Struik.
_hTextual Documents
250 _a1 /
_b.
260 _aLondon :
_bG Bell and sons Ltd ,
_c1954.
300 _a299 ; .
504 _a
942 _cBK
999 _c10188
_d10188